Megadeth Albums - Statistics

General Stats
  • This quiz has been taken 1,099 times
  • The average score is 10 of 14
Answer Stats
Hint Answer % Correct
1986 Peace Sells But... Who's Buying?
95%
1990 Rust In Peace
95%
1985 Killing Is My Business... And Business Is Good
87%
1992 Countdown To Extinction
84%
1988 So Far, So Good, So What?
82%
1994 Youthanasia
82%
1999 Risk
75%
1997 Cryptic Writings
68%
2011 Th1rt3en
67%
2013 Super Collider
65%
2009 Endgame
59%
2004 The System Has Failed
58%
2001 The World Needs A Hero
56%
2007 United Abominations
56%
No matching quizzes found
Score Distribution
Percent of People with Each Score
Percentile by Number Answered
Your Score History
You have not taken this quiz